Basic econometrics. (Record no. 7493)
[ view plain ]
| 000 -LEADER | |
|---|---|
| fixed length control field | 00529nam a22001937a 4500 |
| 003 - CONTROL NUMBER IDENTIFIER | |
| control field | OSt |
| 005 - DATE AND TIME OF LATEST TRANSACTION | |
| control field | 20211116150810.0 |
| 008 - FIXED-LENGTH DATA ELEMENTS--GENERAL INFORMATION | |
| fixed length control field | 211116b ||||| |||| 00| 0 eng d |
| 020 ## - INTERNATIONAL STANDARD BOOK NUMBER | |
| International Standard Book Number | 9781121914032 |
| 040 ## - CATALOGING SOURCE | |
| Transcribing agency | DDC |
| 082 ## - DEWEY DECIMAL CLASSIFICATION NUMBER | |
| Classification number | 330.015 GUJ 2013 |
| 100 ## - MAIN ENTRY--PERSONAL NAME | |
| Personal name | Gujarati, Damodar N. |
| 9 (RLIN) | 15350 |
| 245 ## - TITLE STATEMENT | |
| Title | Basic econometrics. |
| 260 ## - PUBLICATION, DISTRIBUTION, ETC. (IMPRINT) | |
| Place of publication, distribution, etc. | Boston : |
| Name of publisher, distributor, etc. | McGraw Hill; |
| Date of publication, distribution, etc. | c2013 |
| 300 ## - PHYSICAL DESCRIPTION | |
| Extent | vi,935p.: |
| Other physical details | ill; |
| Dimensions | 28cm |
| 504 ## - BIBLIOGRAPHY, ETC. NOTE | |
| Bibliography, etc | Includes bibliographical references and indexes.<br/> |
| 650 ## - SUBJECT ADDED ENTRY--TOPICAL TERM | |
| Topical term or geographic name as entry element | Econometrics. |
| 9 (RLIN) | 14148 |
| 942 ## - ADDED ENTRY ELEMENTS (KOHA) | |
| Source of classification or shelving scheme | Dewey Decimal Classification |
| Koha item type | Book |
| Withdrawn status | Lost status | Source of classification or shelving scheme | Damaged status | Not for loan | Home library | Current library | Date acquired | Source of acquisition | Inventory number | Total Checkouts | Full call number | Barcode | Date last seen | Price effective from | Koha item type |
|---|---|---|---|---|---|---|---|---|---|---|---|---|---|---|---|
| Dewey Decimal Classification | Faculty of Management Science Library | Faculty of Management Science Library | 16/11/2021 | Purchase | 2015/043 | 330.015 GUJ 2013 | 2021-1736 | 16/11/2021 | 16/11/2021 | Book | |||||
| Dewey Decimal Classification | Faculty of Management Science Library | Faculty of Management Science Library | 16/11/2021 | Purchase | 15/037 | 330.015 GUJ 2013 | 2021-1737 | 16/11/2021 | 16/11/2021 | Book | |||||
| Dewey Decimal Classification | Faculty of Management Science Library | Faculty of Management Science Library | 16/11/2021 | 15/038 | 330.015 GUJ 2013 | 2021-1738 | 16/11/2021 | 16/11/2021 | Book | ||||||
| Dewey Decimal Classification | Faculty of Management Science Library | Faculty of Management Science Library | 16/11/2021 | Purchase | 15/042 | 330.015 GUJ 2013 | 2021-1739 | 16/11/2021 | 16/11/2021 | Book | |||||
| Dewey Decimal Classification | Faculty of Management Science Library | Faculty of Management Science Library | 16/11/2021 | Purchase | 15/045 | 330.015 GUJ 2013 | 2021-1740 | 16/11/2021 | 16/11/2021 | Book | |||||
| Dewey Decimal Classification | Faculty of Management Science Library | Faculty of Management Science Library | 16/11/2021 | Purchase | 15/040 | 330.015 GUJ 2013 | 2021-1741 | 16/11/2021 | 16/11/2021 | Book | |||||
| Dewey Decimal Classification | Faculty of Management Science Library | Faculty of Management Science Library | 16/11/2021 | Purchase | 15/036 | 330.015 GUJ 2013 | 2021-1742 | 16/11/2021 | 16/11/2021 | Book | |||||
| Dewey Decimal Classification | Faculty of Management Science Library | Faculty of Management Science Library | 16/11/2021 | Purchase | 15/041 | 330.015 GUJ 2013 | 2021-1743 | 16/11/2021 | 16/11/2021 | Book | |||||
| Dewey Decimal Classification | Faculty of Management Science Library | Faculty of Management Science Library | 16/11/2021 | Purchase | 15/044 | 330.015 GUJ 2013 | 2021-1744 | 16/11/2021 | 16/11/2021 | Book | |||||
| Dewey Decimal Classification | Faculty of Management Science Library | Faculty of Management Science Library | 16/11/2021 | Purchase | 15/039 | 330.015 GUJ 2013 | 2021-1745 | 16/11/2021 | 16/11/2021 | Book |
